|
|
|
|
| LEADER |
00000nam0a2200000 4500 |
| 001 |
310214 |
| 005 |
20231102002250.0 |
| 035 |
|
|
|a (RuTPU)RU\TPU\book\335563
|
| 090 |
|
|
|a 310214
|
| 100 |
|
|
|a 20151123d1959 k y0rusy50 ca
|
| 101 |
0 |
|
|a rus
|
| 102 |
|
|
|a RU
|
| 105 |
|
|
|a a z 000zy
|
| 200 |
1 |
|
|a Теория механизмов для воспроизведения плоских кривых
|f И. И. Артоболевский
|g Академия наук СССР (АН СССР), Институт машиноведения
|
| 210 |
|
|
|a Москва
|c Изд-во Академии наук СССР
|d 1959
|
| 215 |
|
|
|a 255 с.
|c ил.
|
| 225 |
1 |
|
|a Проблемы теории машин
|
| 606 |
1 |
|
|a Механизмы и машины
|x Теория
|x Математические методы
|2 stltpush
|3 (RuTPU)RU\TPU\subj\43540
|9 63028
|
| 610 |
1 |
|
|a кривые
|
| 610 |
1 |
|
|a воспроизведение
|
| 610 |
1 |
|
|a прямые
|
| 610 |
1 |
|
|a окружности
|
| 610 |
1 |
|
|a механическое воспроизведение
|
| 610 |
1 |
|
|a эллипсы
|
| 610 |
1 |
|
|a гиперболы
|
| 610 |
1 |
|
|a параболы
|
| 610 |
1 |
|
|a алгебраические кривые
|
| 610 |
1 |
|
|a трансцендентные кривые
|
| 610 |
1 |
|
|a монографии
|
| 675 |
|
|
|a 621.01:51
|v 4
|
| 700 |
|
1 |
|a Артоболевский
|b И. И.
|c специалист в области теории машин и механизмов
|c академик АН СССР, Герой Социалистического Труда
|f 1905-1977
|g Иван Иванович
|2 stltpush
|3 (RuTPU)RU\TPU\pers\15331
|9 5277
|
| 712 |
0 |
2 |
|a Академия наук СССР
|b Институт машиноведения
|c (Москва)
|c (1938-1961)
|2 stltpush
|3 (RuTPU)RU\TPU\col\13724
|9 25758
|
| 801 |
|
1 |
|a RU
|b 63413507
|c 20151123
|
| 801 |
|
2 |
|a RU
|b 63413507
|c 20220506
|g RCR
|
| 942 |
|
|
|c BK
|